1914 1284 1160 1222 1549 1266 1358 1016 1900 1432 1730 1253 1076 1125 1209 1635 1428 1646 1845 1224 1982 1992 1732 1320 1552 1836 1425 1040 1806 1003 1129 1138 1558 1147 1653 1796 1861 1974 1796 1224 1046 1629 1148 1974 1836 1969 1616 1524 1893 1576 1042 1179 1159 1495 1447 1302 1779 1966 1601 1880 1916 1403 1957 1706 1598 1394 1655 1543 1726 1769 1758 1666 1001 1463 1570 1039 1191 1017 1369 1997 1005 1608 1964 1474 1188 1862 1312 1482 1158 1917 1288 1213 1399 1628 1955 1737 1015 1620 1494 BCNSPRNW ULIB Ver.6.0+V

เปลี่ยนเป็นภาษาไทย

Change to English
 แสดงรายละเอียดบรรณานุกรม
  กลับหน้าหลัก

Brief Record : Get Marc (ISO 2709) : E-mail record : QR code < ปิดหน้าต่าง
LEADER : 00000nam 2200000uu 4500
001    13399126509
003     ULIB
008    181003s2559||||th 000 0 tha d
020    ^a9786169207023
060 04 ^aWK810^bพ873ค
100 0  ^aเพชร รอดอารีย์
245 00 ^aคำแนะนำการฉีดยาเบาหวานสำหรับบุคลากรทางการแพทย์ =^bInstruction of Antidiabetic Drug Injection Techniques for Medical Personal/^bบรรณาธิการ, เพชร รอดอารีย์ ...[และคนอื่นๆ]
246 3  ^aInstruction of Antidiabetic Drug Injection Techniques for Medical Personal
250    ^aพิมพ์ครั้งที่ 2
260    ^aกรุงเทพฯ :^bสมาคมโรคเบาหวานแห่งประเทศไทย,^c2559.
300    ^aก-ง,70หน้า : ภาพประกอบ; 26 ซม.
650  7 ^aการฉีดยา^xเบาหวาน^xผู้ป่วย
650  7 ^aเบาหวาน^xผู้ป่วย^xการรักษาด้วยยา
650  7 ^aยารักษาเบาหวาน
700 0  ^aสุภาวดี ลิขิตมาศกุล,บรรณาธิการ
700 0  ^aสิริมนต์ ริ้วตระกูล ประเทืองธรรม,บรรณาธิการ
700 0  ^aระวีวรรณ เลิศวัฒนารักษ์,บรรณาธิการ
700 0  ^aสุชาดา ธนภัทร์กวิน,บรรณาธิการ
710 1  ^aสมาคมโรคเบาหวานแห่งประเทศไทย ในพระราชูปถัมภ์ สมเด็จพระเทพรัตนราชสุดาฯสยามบรมราชกุมารี
945    ^p200^l0^i004677
999    ^aประนอม เกษจรัล
รายการนี้ยังไม่มีแท็ก
คุณยังไม่ได้ล็อกอิน คุณสามารถมีกิจกรรมร่วมกับเว็บไซต์ได้ แต่ต้องล็อกอินก่อน ::
  ล็อกอิน

รายการสื่อสารสนเทศ

ลำดับที่ ประเภท เลขเรียก/บาร์โค้ด สถานที่ สถานะ
1. วิทยาศาสตร์การแพทย์ และสุขภาพ
วิทยาศาสตร์การแพทย์ และสุขภาพ
สถานะ=หนังสือเก่า
WK810 พ873ค ฉ.1 
  Barcode: 004677
ห้องสมุดวิทยาเขตสวรรค์ประชารักษ์
►ส่วนจัดเก็บหนังสือเก่า สปร
บนชั้น
  ขอยืม

รายการใกล้เคียง
    ผู้แต่ง [เพชร รอดอารีย์]

    หัวเรื่อง [ยารักษาเบาหวาน]

BibComment


ยังไม่เคยถูกคอมเมนท์

คอมเมนท์ทรัพยากรรายการนี้
  คอมเมนท์: คำแนะนำการฉีดยาเ..


 Copyright 2026. Bcnsprnw @Library